Представление документа в формате MARC21

ПолеНазваниеЗначение
  Тип записи a
  Библиографический уровень m
001 Контрольный номер RU/URAIT/585760
005 Дата корректировки 20260429163642.8
008 Кодируемые данные 260429s2026 RU y f j 000 0 rus u
020 Индекс ISBN __
a ISBN 978-5-534-05171-1
c Цена, тираж 0.00
040 Источник каталогиз. __
a Служба первич. каталог. ИКО Юрайт
c Служба, преобразующая запись ИКО Юрайт
e Правила каталог. RCR
041 Код языка издания __
a Код языка текста rus
044 Код страны публикации __
a Код страны публикации RU
080 Индекс УДК __
a Индекс УДК 621.382.017.7(075.8)
084 Индекс другой классификации/Индекс ББК __
2 Источник индекса rubbk
a Индекс другой классификации/Индекс ББК 32.85я73
100 Автор __
a Автор Драгунов В. П.
q Полное имя Драгунов Валерий Павлович
245 Заглавие __
a Заглавие Наноэлектроника в 2 ч. Часть 2
b Продолж. заглавия учебник для вузов
c Ответственность В. П. Драгунов, И. Г. Неизвестный, В. А. Гридчин.
250 Сведения об издании __
g испр. и доп
a Основные сведения об издании 3-е изд.
256 Характеристики компьютерного файла __
a Характеристики компьютерного файла Электрон. дан.
260 Выходные данные __
a Место издания Москва
b Издательство Юрайт
c Дата издания 2026
300 Физическое описание __
a Объем 235 с
440 Серия __
a Серия Высшее образование
500 Примечания __
a Примечание URL: https://urait.ru/bcode/585760 (дата обращения: 29.04.2026).
520 Аннотация __
a Аннотация Предлагаемое вниманию читателя учебное пособии состоит из двух частей. В пособии делается попытка систематического изложения основных свойств наноэлектронных структур. В первой части обсуждаются особенности энергетического спектра частиц в системах пониженной размерности, анализируется изменение плотности состояний и обсуждаются проблемы экранирования электрического поля в структурах пониженной размерности. Во второй части рассматриваются особенности фононного спектра в структурах пониженной размерности, приводятся теоретические и экспериментальные результаты исследований транспортных явлений в наноэлектронных структурах, рассматриваются вопросы построения приборов на основе наноэлектронных структур.
538 Прим. о системных особенностях __
a Прим. о системных особенностях Режим доступа: Электронно-библиотечная система Юрайт, для авториз. пользователей
653 Ключевые слова __
a Ключевые слова Электротехника, электроника, телекоммуникации
653 Ключевые слова __
a Ключевые слова Технические науки
653 Ключевые слова __
a Ключевые слова Элементы и приборы наноэлектроники
653 Ключевые слова __
a Ключевые слова Наноэлектроника
653 Ключевые слова __
a Ключевые слова Физические основы микро- и наноэлектроники
653 Ключевые слова __
a Ключевые слова Актуальные проблемы современной электроники и наноэлектроники
653 Ключевые слова __
a Ключевые слова Микро- и наноэлектроника
653 Ключевые слова __
a Ключевые слова Основы современной микро- и наноэлектроники
653 Ключевые слова __
a Ключевые слова Физические основы наноэлектроники
653 Ключевые слова __
a Ключевые слова Полупроводниковая наноэлектроника
653 Ключевые слова __
a Ключевые слова Функциональная наноэлектроника
653 Ключевые слова __
a Ключевые слова Материалы и компоненты микро- и наноэлектроники
653 Ключевые слова __
a Ключевые слова Материалы микро- и наноэлектроники
653 Ключевые слова __
a Ключевые слова Основы наноэлектроники
653 Ключевые слова __
a Ключевые слова Физика и техника приборов наноэлектроники
653 Ключевые слова __
a Ключевые слова Физико-математические аспекты наноэлектроники
653 Ключевые слова __
a Ключевые слова Электроника и наноэлектроника
653 Ключевые слова __
a Ключевые слова Элементы и устройства наноэлектроники
653 Ключевые слова __
a Ключевые слова Перспективные технологии микро- и наноэлектроники
653 Ключевые слова __
a Ключевые слова Физика материалов и структур микро- и наноэлектроники
653 Ключевые слова __
a Ключевые слова Введение в интегральную электронику и наноэлектронику
653 Ключевые слова __
a Ключевые слова Физика приборов наноэлектроники
653 Ключевые слова __
a Ключевые слова Физические основы электроники и наноэлектроники
653 Ключевые слова __
a Ключевые слова Физические процессы в электронике и наноэлектронике
653 Ключевые слова __
a Ключевые слова Наносхемотехника и наноэлектроника
653 Ключевые слова __
a Ключевые слова Введение в наноэлектронику
653 Ключевые слова __
a Ключевые слова Основы технологии материалов и изделий электроники и наноэлектроники
653 Ключевые слова __
a Ключевые слова Технология материалов и изделий электроники и наноэлектроники
653 Ключевые слова __
a Ключевые слова Нанофизика и наноэлектроника
653 Ключевые слова __
a Ключевые слова Процессы микро- и наноэлектроники
653 Ключевые слова __
a Ключевые слова Физико-химические основы микро- и наноэлектроники
653 Ключевые слова __
a Ключевые слова Теоретические основы наноэлектроники
653 Ключевые слова __
a Ключевые слова Основные технологические процессы микро- и наноэлектроники
653 Ключевые слова __
a Ключевые слова Микроэлектроника и наноэлектроника
653 Ключевые слова __
a Ключевые слова Интегральная электроника и наноэлектроника
653 Ключевые слова __
a Ключевые слова Основы микро- и наноэлектроники
653 Ключевые слова __
a Ключевые слова Технология изделий электроники и наноэлектроники
653 Ключевые слова __
a Ключевые слова Технологические процессы наноэлектроники
653 Ключевые слова __
a Ключевые слова Сенсоры и наноэлектроника
653 Ключевые слова __
a Ключевые слова Основы наноэлектроники и нанотехнологий
653 Ключевые слова __
a Ключевые слова Физические основы нано- и микроэлектроники
653 Ключевые слова __
a Ключевые слова Наноэлектроника и нанофотоника
700 Другие авторы __
a Другие авторы Неизвестный И. Г.
q Полное имя Неизвестный Игорь Георгиевич
700 Другие авторы __
a Другие авторы Гридчин В. А.
q Полное имя Гридчин Виктор Алексеевич
856 Электронный адрес документа 40
n Местонахождение сервера Юрайт
g Электронная книга
q Тип электронного формата html
h Имя пользователя ЮРАЙТ
v Часы доступа к ресурсу 20271231
2 Способ доступа Показать документ
x Служебное примечание https://urait.ru/book/cover/83B0A94B-E37E-4113-81C9-871D7CC0AFAC
u URL https://urait.ru/bcode/585760
856 Электронный адрес документа 48
q Тип электронного формата cover
u URL https://urait.ru/book/cover/83B0A94B-E37E-4113-81C9-871D7CC0AFAC
911 __
u 0030=https://urait.ru/bcode/585760
911 __
u 073a=9785534051711
u 073d=0.00
911 __
u 106a=s
911 __
u 900l=
952 Тип литературы __
i Дисциплина Элементы и приборы наноэлектроники
952 Тип литературы __
i Дисциплина Наноэлектроника
952 Тип литературы __
i Дисциплина Физические основы микро- и наноэлектроники
952 Тип литературы __
i Дисциплина Актуальные проблемы современной электроники и наноэлектроники
952 Тип литературы __
i Дисциплина Микро- и наноэлектроника
952 Тип литературы __
i Дисциплина Основы современной микро- и наноэлектроники
952 Тип литературы __
i Дисциплина Физические основы наноэлектроники
952 Тип литературы __
i Дисциплина Полупроводниковая наноэлектроника
952 Тип литературы __
i Дисциплина Функциональная наноэлектроника
952 Тип литературы __
i Дисциплина Материалы и компоненты микро- и наноэлектроники
952 Тип литературы __
i Дисциплина Материалы микро- и наноэлектроники
952 Тип литературы __
i Дисциплина Основы наноэлектроники
952 Тип литературы __
i Дисциплина Физика и техника приборов наноэлектроники
952 Тип литературы __
i Дисциплина Физико-математические аспекты наноэлектроники
952 Тип литературы __
i Дисциплина Электроника и наноэлектроника
952 Тип литературы __
i Дисциплина Элементы и устройства наноэлектроники
952 Тип литературы __
i Дисциплина Перспективные технологии микро- и наноэлектроники
952 Тип литературы __
i Дисциплина Физика материалов и структур микро- и наноэлектроники
952 Тип литературы __
i Дисциплина Введение в интегральную электронику и наноэлектронику
952 Тип литературы __
i Дисциплина Физика приборов наноэлектроники
952 Тип литературы __
i Дисциплина Физические основы электроники и наноэлектроники
952 Тип литературы __
i Дисциплина Физические процессы в электронике и наноэлектронике
952 Тип литературы __
i Дисциплина Наносхемотехника и наноэлектроника
952 Тип литературы __
i Дисциплина Введение в наноэлектронику
952 Тип литературы __
i Дисциплина Основы технологии материалов и изделий электроники и наноэлектроники
952 Тип литературы __
i Дисциплина Технология материалов и изделий электроники и наноэлектроники
952 Тип литературы __
i Дисциплина Нанофизика и наноэлектроника
952 Тип литературы __
i Дисциплина Процессы микро- и наноэлектроники
952 Тип литературы __
i Дисциплина Физико-химические основы микро- и наноэлектроники
952 Тип литературы __
i Дисциплина Теоретические основы наноэлектроники
952 Тип литературы __
i Дисциплина Основные технологические процессы микро- и наноэлектроники
952 Тип литературы __
i Дисциплина Микроэлектроника и наноэлектроника
952 Тип литературы __
i Дисциплина Интегральная электроника и наноэлектроника
952 Тип литературы __
i Дисциплина Основы микро- и наноэлектроники
952 Тип литературы __
i Дисциплина Технология изделий электроники и наноэлектроники
952 Тип литературы __
i Дисциплина Технологические процессы наноэлектроники
952 Тип литературы __
i Дисциплина Сенсоры и наноэлектроника
952 Тип литературы __
i Дисциплина Основы наноэлектроники и нанотехнологий
952 Тип литературы __
i Дисциплина Физические основы нано- и микроэлектроники
952 Тип литературы __
i Дисциплина Наноэлектроника и нанофотоника